<?xml version="1.0" encoding="UTF-8"?><marc:collection xmlns:marc="http://www.loc.gov/MARC21/slim">
  <marc:record>
    <marc:leader>00000nam##2200000za#4500</marc:leader>
    <marc:controlfield tag="001">9.620782</marc:controlfield>
    <marc:controlfield tag="003">CaOODSP</marc:controlfield>
    <marc:controlfield tag="005">20240212134142</marc:controlfield>
    <marc:controlfield tag="007">ta</marc:controlfield>
    <marc:controlfield tag="008">150406|1993||||xxc|||||     f|0| 0 fre|d</marc:controlfield>
    <marc:datafield tag="020" ind1=" " ind2=" ">
      <marc:subfield code="a">0-662-98071-9</marc:subfield>
    </marc:datafield>
    <marc:datafield tag="022" ind1=" " ind2=" ">
      <marc:subfield code="a">1713-0646</marc:subfield>
    </marc:datafield>
    <marc:datafield tag="040" ind1=" " ind2=" ">
      <marc:subfield code="a">CaOODSP</marc:subfield>
      <marc:subfield code="b">fre</marc:subfield>
    </marc:datafield>
    <marc:datafield tag="043" ind1=" " ind2=" ">
      <marc:subfield code="a">n-cn---</marc:subfield>
    </marc:datafield>
    <marc:datafield tag="086" ind1="1" ind2=" ">
      <marc:subfield code="a">NE22-1/1993-2F</marc:subfield>
    </marc:datafield>
    <marc:datafield tag="110" ind1="1" ind2=" ">
      <marc:subfield code="a">Canada. </marc:subfield>
      <marc:subfield code="b">Office national de l'énergie.</marc:subfield>
    </marc:datafield>
    <marc:datafield tag="245" ind1="1" ind2="0">
      <marc:subfield code="a">Relativement à: ENCO Gas, Ltd.; Grand Valley Gas Company, mandataire de The Washington Water Power Company; Proco Petroleums Ltd.; San Diego Gas &amp; Electric Company et Bow Valley Industries Ltd.; San Diego Gas &amp; Electric Company et Canadian Hunter Marketing Ltd.; San Diego Gas &amp; Electric Company et Husky Oil Operations Ltd.; San Diego Gas &amp; Electric Company et Summit Resources Limited; Southern California Edison, Company et AEC Oil and Gas Company, une division de l'Alberta Energy Company Ltd.; Southern California Edison Company et Pétrolière Impériale Ressources Limitée; Southern California Edison Company et Shell Canada Limitée; Southern California Edison Company et Western Gas Marketing Limited; Summit Rsources Limited : </marc:subfield>
      <marc:subfield code="b">demandes de licences d'exportation de gaz naturel conformément à la partie VI de la Loi sur l'Office national de l'énergie </marc:subfield>
    </marc:datafield>
    <marc:datafield tag="260" ind1=" " ind2=" ">
      <marc:subfield code="a">Calgary - Alberta : </marc:subfield>
      <marc:subfield code="b">Office national de l'énergie </marc:subfield>
      <marc:subfield code="c">Janvier 1993.</marc:subfield>
    </marc:datafield>
    <marc:datafield tag="300" ind1=" " ind2=" ">
      <marc:subfield code="a">99p. : </marc:subfield>
      <marc:subfield code="b">graphiques, tableaux ; </marc:subfield>
      <marc:subfield code="c">28 cm.</marc:subfield>
    </marc:datafield>
    <marc:datafield tag="490" ind1="1" ind2=" ">
      <marc:subfield code="a">Motifs de décision</marc:subfield>
      <marc:subfield code="x">1713-0646</marc:subfield>
    </marc:datafield>
    <marc:datafield tag="563" ind1=" " ind2=" ">
      <marc:subfield code="a">Couverture souple</marc:subfield>
    </marc:datafield>
    <marc:datafield tag="691" ind1="0" ind2="7">
      <marc:subfield code="a">Industrie pétrolière</marc:subfield>
      <marc:subfield code="2">gcpds</marc:subfield>
    </marc:datafield>
    <marc:datafield tag="775" ind1="0" ind2="8">
      <marc:subfield code="t">In the matter of: ENCO Gas, Ltd.; Grand Valley Gas Company as agent for The Washington Water Power Company; Poco Petroleums Ltd.; San Diego Gas &amp; Electric Company and Bow Valley Industries Ltd.; San Diego Gas &amp; Electric Company and Canadian Hunter Marketing Ltd.; San Diego Gas &amp; Electric Company and Husky Oil Operations Ltd.; San Diego Gas &amp; Electric Company and Summit Resources Limited; Southern California Edison Company and AEC Oil and Gas Company a division of Alberta Energy Company Ltd.; Southern California Edison Company and Imperial Oil Resources Limited; Southern California Edison Company and Shell Canada Limited; Southern California Edison Company and Western Gas Marketing Limited; Summit Resources Limited : </marc:subfield>
      <marc:subfield code="w">(CaOODSP)9.608702</marc:subfield>
    </marc:datafield>
    <marc:datafield tag="776" ind1="0" ind2="#">
      <marc:subfield code="t">Motifs de décision relativement à ENCO Gas, Ltd.; Grand Valley Gas Company, mandataire de The Washington Water Power Company; Proco Petroleums Ltd.; San Diego Gas &amp; Electric Company et Bow Valley Industries Ltd.; San Diego Gas &amp; Electric Company et Canadian Hunter Marketing Ltd.; San Diego Gas &amp; Electric Company et Husky Oil Operations Ltd.; San Diego Gas &amp; Electric Company et Summit Resources Limited; Southern California Edison, Company et AEC Oil and Gas Company, une division de l'Alberta Energy Company Ltd.; Southern California Edison Company et Pétrolière Impériale Ressources Limitée; Southern California Edison Company et Shell Canada Limitée; Southern California Edison Company et Western Gas Marketing Limited; Summit Resources Limited : </marc:subfield>
      <marc:subfield code="w">(CaOODSP)9.602761</marc:subfield>
    </marc:datafield>
    <marc:datafield tag="830" ind1="#" ind2="0">
      <marc:subfield code="a">Motifs de décision (Canada. Office national de l'énergie)</marc:subfield>
      <marc:subfield code="x">1713-0646</marc:subfield>
      <marc:subfield code="w">(CaOODSP)9.513162</marc:subfield>
    </marc:datafield>
    <marc:datafield tag="986" ind1=" " ind2=" ">
      <marc:subfield code="a">GH-6-92</marc:subfield>
    </marc:datafield>
  </marc:record>
</marc:collection>
